000 00637cam a2200205 4500
001 2281
005 20181127164858.0
008 780517s1978 nyu b 001 0 eng
010 _a 77083616
020 _a0155722786
100 1 _aLevin, Gerald Henry,
_d1929-
245 1 0 _aProse models /
_cGerald Levin.
250 _a4th ed.
260 _aNew York :
_bHarcourt Jovanovich,
_cc1978.
300 _axv, 427 p. ;
_c22 cm.
504 _aIncludes bibliographical references and index.
650 0 _aCollege readers.
650 0 _aEnglish language
_xRhetoric
_vProblems, exercises, etc.
650 0 _aReport writing
_vProblems, exercises, etc.
999 _c1814
_d1814